000 00504aam a2200205 4500
005 20240729162350.0
008 150407b xxu||||| |||| 00| 0 spa d
020 _a0486413047
041 _aING
082 _a813.52 P996b
100 _aPyle, Howard
_932074
245 _aThe book of pirates
260 _aEstados Unidos
260 _bDover Publications
260 _c2000
300 _a247 páginas
650 _aLITERATURA ESTADOUNIDENSE
650 _aNOVELA ESTADOUNIDENSE
942 _cLIT
_2ddc
999 _c4267
_d4267